000 00628na a2200217 4500
001 19867
003 MIRAKIL
005 20181213155100.0
008 161228b tu 000 0
035 _a19867
040 _aMilas
_btur
_cTR-AnCHP
041 _atur
082 _a364.13
_bT15 1995
090 _a364.13 T15 1995
245 _aTBMM faili meçhul siyasal cinayetleri araştırma komisyon raporları
_btam metni
260 _aAnkara
_bAyyıldız Yayınları
_c1995
300 _a370 s.
_c20 sm.
650 _aFaili meçhul cinayetler
_zTürkiye
650 _aSiyasal yaşam
_xCinayetler
_zTürkiye
942 _2ddc
_cBKS
999 _c6222
_d6222